COMPARATIVE STUDIES ON INFLUENZA B VIRUS : I. BIOLOGICAL PROPERTIES AND POLYPEPTIDE COMPOSITION OF STRAINS ISOLATED IN DIFFERENT YEARS

Bibliographic Details
Main Authors: Korchanova, N. L. (Author), Sominina, A. A. (Author), Kuznetsova, E. V. (Author), Gordon, M. A. (Author), Goloveshkina, T. N. (Author), Simanovskaya, V. K. (Author)
Format: Article
Language:English

MARC

LEADER 00000nab a2200000uu 4500
001 vtls011456220
003 SK-MaSNL
005 20260303191055.0
008 230222|1983 xo |||||||||||||||||eng|
015 |a SNBRB 
035 |a (urnnbn)urn:nbn:sk:snk:ar-a080u1 
035 |a (uuid)5b8515ba-430b-4612-a33a-f50a78012c7b 
035 |a urn:nbn:sk:snk-abcr37 
040 |a SNKBUCL  |b slo  |c SNKBUCL  |e AACR2 
041 0 |a eng 
044 |a xo  |c SK 
100 1 |a Korchanova, N. L.  |4 aut  |9 1201510 
245 1 0 |a COMPARATIVE STUDIES ON INFLUENZA B VIRUS :  |b I. BIOLOGICAL PROPERTIES AND POLYPEPTIDE COMPOSITION OF STRAINS ISOLATED IN DIFFERENT YEARS  |c N. L. Korchanova, V. K. Simanovskaya, A. A. Sominina, M. A. Gordon, T. N. Goloveshkina, E. V. Kuznetsova 
700 1 |a Sominina, A. A.  |4 aut  |9 938588 
700 1 |a Kuznetsova, E. V.  |4 aut  |9 1220103 
700 1 |a Gordon, M. A.  |4 aut  |9 923119 
700 1 |a Goloveshkina, T. N.  |4 aut  |9 1220104 
700 1 |a Simanovskaya, V. K.  |4 aut  |9 225895 
773 0 |t Acta virologica  |g Roč. 27, č. 5 (1983), s. 377-384 
958 |a OND 
958 |a EUIPO 
958 |a article16 
999 |c 2139338  |d 2141268